000 01428nam a2200349 c 4500
999 _c392486
_d392486
003 BLK
005 20250620085032.0
008 180410b bul|||||r ||||||| ||bul||
010 _aKNG00152193000
020 _a9789542833352
040 _aBLK
041 _aBUL
_cBUL
072 7 _2bullib
_aН84
_xБългарска художествена литература Н
080 _aБългарска литература
_b821.163.2
_x-313
_z821.163.2-313
100 1 _aВешим, Михаил
_qМишев, Михаил Георгиев
_d17.09.1960 -
_eпърви автор
_947854
139 _aВешим, Михаил
_bВ 53
245 1 0 _aПозитанско царство и други пародии, в копродукция с известни български писатели
_bРоман
_cМихаил Вешим; * Михаил Георгиев Мишев; с ил. Ивайло Нинов
257 _aBGR
260 _bСиела Норма
_c2020
_aСофия
300 _a139 с.
_c21 см
380 _aX
500 _aМихаил Вешим - псевд. на Михаил Георгиев Мишев.
653 _aромани
653 _aсатира
700 1 _aМишев, Михаил Георгиев
_e*
_9372262
852 _bП
856 4 _qpdf
856 4 _qpdf
942 _cKNG
_n0
_039
_s1
999 _d392486
944 _k30530
_lМинев Младен